MARC

LEADER 00000nam0a2200000 4500
001 290453
005 20231031235959.0
035 |a (RuTPU)RU\TPU\book\315003 
090 |a 290453 
100 |a 20150406d1981 k y0rusy50 ca 
101 0 |a rus 
102 |a RU 
105 |a a z 001zy 
200 1 |a Цифровые устройства для определения теплофизических свойств материалов  |f А. И. Фесенко 
210 |a Москва  |c Машиностроение  |d 1981 
215 |a 240 с.  |c ил. 
320 |a Библиогр.: с. 232-236. 
606 1 |a Материалы  |x Теплофизические свойства  |2 stltpush  |3 (RuTPU)RU\TPU\subj\41302 
610 1 |a цифровые устройства 
610 1 |a тепловые функции 
610 1 |a температурные поля 
610 1 |a квадратичные оценки 
610 1 |a теплофизический эксперимент 
610 1 |a теплопроводность 
610 1 |a коэффициенты 
610 1 |a ЭВМ 
610 1 |a применение 
675 |a 620.22:53  |v 3 
700 1 |a Фесенко  |b А. И.  |g Александр Иванович 
801 1 |a RU  |b 63413507  |c 20150406 
801 2 |a RU  |b 63413507  |c 20180927  |g RCR 
942 |c BK